| 000 | 00558nam a2200193Ia 4500 | ||
|---|---|---|---|
| 005 | 20250923150100.0 | ||
| 008 | 008 250917s9999 xx 000 0 eng d | ||
| 037 | _aTextual | ||
| 040 |
_aDSWL _beng _cDSWL |
||
| 041 |
_aeng _2eng |
||
| 084 |
_aYX,zc;5x, P1/RR _qDSWL |
||
| 245 | 0 |
_aHandbook of disabililty studies _cEd. by Gary L Albrecht |
|
| 260 |
_aThousand Oaks _b Sage Publications _c2001 |
||
| 300 | _ax,852p. | ||
| 365 |
_aINR _b4479.51 |
||
| 925 | _g4479.51 | ||
| 942 |
_cTEXL _hYX,zc;5x, P1/RR |
||
| 999 |
_c1459346 _d1459346 |
||